LEADER 00518nas a2200157 i 4500 001 000000039391 003 CaOOAMICUS 005 20041209000000.0 008 041209b it uu u0 0ita r 013 $a10126 040 $aSeMil$bita 245 10$aTitolo mancante. 773 0 $tQuaderni de Il Cittadino della domenica.$dAlbiate : [s.n.], 1980-1981$w()23535 850 $aSeMil 852 $aSeMil$W1$xVenegono$y1$m199 6 1-3$j5546$B5546$CSeMilBibl$Z2$F5546 $82 996 $6245$aTitolo mancante$9(OLS)http://semarc/title/46445 LEADER 01341nam a2200289 i 4500 001 000000155159 003 CaOOAMICUS 005 20061103000000.0 008 061103s1994 it u000 u ita u 013 $a132508 040 $aSeMil$bita 245 10$aMeditazioni strutturali e modi di pregare. 260 $aNapoli :$bCentro Ignaziano di Spiritualitą,$c1994. 300 $a96 p. 490 0 $aAppunti di spiritualitą ;$v40 500 $aFondo Card. C.M. Martini. 600 04$aIgnazio : di Loyola .$0(OLS)http://semarc/subject/467 700 1 $aConvegno Nazionale «Ignazio di Loyola e gli Esercizi Spirituali» <1993 ; Cagliari>.$0(OLS)http://semarc/name/7705 773 0 $tSeconda settimana.$dNapoli : Centro Ignaziano di Spiritualitą, 1990-1994.$gParte1$w()16753 773 0 $tEsercizi spirituali.$dNapoli : Centro Ignaziano di Spiritualitą, [196?]$g15$w()16758 830 0$aAppunti di spiritualitą ;$v40.$0(OLS)http://semarc/title/12746 850 $aSeMil 852 $aSeMil$W1$xVenegono$y1$m2C IV 475$j107004$B107004$CSeMilBibl$Z2$F116315 $81 941 1 $a4 961 $aOmaggio: Martini Card. Carlo Maria 996 $6245$aMeditazioni strutturali e modi di pregare$9(OLS)http://semarc/title/227199 996 $6260$aNapoli :$bCentro Ignaziano di Spiritualitą$9(OLS)http://semarc/publisher/32631